| 000 | 00930cam a2200229 4500 | ||
|---|---|---|---|
| 001 | sa 68014375 | ||
| 003 | DLC | ||
| 005 | 20260227112631.0 | ||
| 008 | 700211s1967 ii b s 00000 eng | ||
| 010 | _asa 68014375 //r84 | ||
| 025 | _aPL480:I-E-11103 | ||
| 050 | 0 |
_aJQ294 _b.F66 |
|
| 082 | _a324/.2021/54 | ||
| 245 | 0 | 0 |
_aFourth general elections; _ban analysis. |
| 260 | 0 |
_a[New Delhi] _bMinistry of Information and Broadcasting, Govt. of India _c[1967 or 8] |
|
| 300 |
_a297 p. _bmaps (1 fold. col. in pocket) _c30 cm. |
||
| 350 | _a30.00 | ||
| 500 | _a"This analysis [is] being published by the Directorate of Advertising and Visual Publicity in collaboration with the Office of the Registrar General, India, which prepared all material." | ||
| 650 | 0 |
_aElections _zIndia _xStatistics. |
|
| 710 | 1 | 0 |
_aIndia. _bOffice of the Registrar General. |
| 710 | 1 | 0 |
_aIndia (Republic). _bDirectorate of Advertising and Visual Publicity. |
| 999 |
_c85734 _d85734 |
||